Problemas de una unión económica / (Record no. 101567)

MARC details
000 -LEADER
campo de control de longitud fija 00695nam a2200205 i 4500
001 - NÚMERO DE CONTROL
campo de control 101567
003 - IDENTIFICADOR DE NÚMERO DE CONTROL
campo de control ES-MaACL
005 - FECHA Y HORA DE LA ÚLTIMA TRANSACCIÓN
campo de control 20250815082228.0
007 - CAMPO FIJO DE DESCRIPCIÓN FÍSICA--INFORMACIÓN GENERAL
campo de control de longitud fija t|
008 - DATOS DE LONGITUD FIJA--INFORMACIÓN GENERAL
campo de control de longitud fija 051020s1957 sp ||||1| spa d
100 1# - ENTRADA PRINCIPAL--NOMBRE DE PERSONA
Nombre de persona Meade, J. E.
9 (RLIN) 79624
245 10 - MENCIÓN DEL TÍTULO
Título Problemas de una unión económica /
Mención de responsabilidad, etc. J. E. Meade; traducción del inglés por la Redacción de la Revista de Economía.
260 ## - PUBLICACIÓN, DISTRIBUCIÓN, ETC.
Lugar de publicación, distribución, etc. Madrid :
Nombre del editor, distribuidor, etc. Aguilar,
Fecha de publicación, distribución, etc. 1957.
300 ## - DESCRIPCIÓN FÍSICA
Extensión VIII, 134 p. ;
Dimensiones 19 cm.
490 1# - MENCIÓN DE SERIE
Mención de serie Biblioteca de ciencias sociales
830 00 - PUNTO DE ACCESO ADICIONAL DE SERIE-TÍTULO UNIFORME
Título uniforme Biblioteca de ciencias sociales (Aguilar)
9 (RLIN) 220462
852 ## - LOCALIZACIÓN
Ubicación ES-MaACL
Número de control de estantería C-13908
Sublocalización o colección R.41406
852 ## - LOCALIZACIÓN
Ubicación ES-MaACL
Número de control de estantería E-8389
Sublocalización o colección R.92817
Holdings
Estatus retirado Estado de pérdida Estado de daño No para préstamo Biblioteca de origen Biblioteca actual Ubicación en estantería Fecha de adquisición Fuente de adquisición Total de préstamos Signatura topográfica completa Código de barras Visto por última vez Precio de reemplazo Tipo de ítem Koha
        Biblioteca del Ateneo de Madrid Biblioteca del Ateneo de Madrid Depósito 2 17/01/2008     E-8389 1106037 23/02/2023 23/02/2023 Libro impreso
        Biblioteca del Ateneo de Madrid Biblioteca del Ateneo de Madrid Sala Palomar 17/01/2008     C-13908 1106036 23/02/2023 23/02/2023 Libro impreso